التكرار التركيبي في القران الكريم : نماطه ودلالاته

Bibliographic Details
Format: Book
Language:Arabic
Published: عمان : دار غيداء للنشر 2020
Edition:الطبعة الاولى
Subjects:

MARC

LEADER 00000cam a2200000 7i4500
001 0000098528
005 20220222093000.0
008 200622s2020 jo ara
020 |a 9789957966775 
040 |a UniSZA   |e rda 
050 0 0 |a PJ6696   |b .S24 2020 
090 0 0 |a PJ6696   |b .S24 2020 
241 1 3 |a al-Tikrar al-tarkibi fi al-Qur'an al-Karim 
245 1 2 |a التكرار التركيبي في القران الكريم :   |b نماطه ودلالاته   |c منال صلاح الدين عزيط 
250 |a الطبعة الاولى 
264 1 |a عمان :   |b دار غيداء للنشر   |c 2020 
300 |a 267 pages ;   |c 25 cm. 
336 |a text  |2 rdacontent 
337 |a unmediated  |2 rdamedia 
338 |a volume  |2 rdacarrier 
504
650 0 |a Arabic language   |x Grammar 
650 0 |a Arabic language   |x Syntax 
650 0 |a Qur'an   |x Language, style 
999 |a 1000179658   |b Book   |c OPEN SHELF (30 DAYS)   |e Gong Badak Campus